Introduction to analog and digital communications / (Record no. 5739)
[ view plain ]
| 000 -LEADER | |
|---|---|
| fixed length control field | 01288cam a22003255a 4500 |
| 003 - CONTROL NUMBER IDENTIFIER | |
| control field | EG-ScBUE |
| 005 - DATE AND TIME OF LATEST TRANSACTION | |
| control field | 20210613094232.0 |
| 008 - FIXED-LENGTH DATA ELEMENTS--GENERAL INFORMATION | |
| fixed length control field | 150813t2007 njua f b 001 0 eng d |
| 020 ## - INTERNATIONAL STANDARD BOOK NUMBER | |
| International Standard Book Number | 9780471432227 |
| 020 ## - INTERNATIONAL STANDARD BOOK NUMBER | |
| International Standard Book Number | 0471432229 |
| 040 ## - CATALOGING SOURCE | |
| Original cataloging agency | EG-ScBUE |
| Language of cataloging | eng |
| Description conventions | rda |
| Transcribing agency | EG-ScBUE |
| Modifying agency | EG-ScBUE |
| 082 04 - DEWEY DECIMAL CLASSIFICATION NUMBER | |
| Classification number | 621.382 |
| Item number | HAY |
| Edition number | 22 |
| 100 1# - MAIN ENTRY--PERSONAL NAME | |
| Personal name | Haykin, Simon S., |
| Dates associated with a name | 1931- |
| Relator term | author. |
| 245 10 - TITLE STATEMENT | |
| Title | Introduction to analog and digital communications / |
| Statement of responsibility, etc | Simon Haykin, McMaster University, Hamilton, Ontario, Canada, Michael Moher, space-time DSP, Ottawa, Ontario, Canada. |
| 250 ## - EDITION STATEMENT | |
| Edition statement | Second edition. |
| 264 #1 - PUBLICATION, DISTRIBUTION, ETC. (IMPRINT) | |
| Place of publication, distribution, etc | Hoboken, NJ : |
| Name of publisher, distributor, etc | John Wiley & Sons, Inc., |
| Date of publication, distribution, etc | [2007] |
| 264 #4 - PUBLICATION, DISTRIBUTION, ETC. (IMPRINT) | |
| Date of publication, distribution, etc | c2007 |
| 300 ## - PHYSICAL DESCRIPTION | |
| Extent | xx, 515 pages : |
| Other physical details | illustrations ; |
| Dimensions | 26 cm |
| 336 ## - CONTENT TYPE | |
| Source | rdacontent |
| Content type term | text |
| Content type code | txt |
| 337 ## - MEDIA TYPE | |
| Source | rdamedia |
| Media type term | unmediated |
| Media type code | n |
| 338 ## - CARRIER TYPE | |
| Source | rdacarrier |
| Carrier type term | volume |
| Carrier type code | nc |
| 504 ## - BIBLIOGRAPHY, ETC. NOTE | |
| Bibliography, etc | Includes bibliographical references and index. |
| 650 #7 - SUBJECT ADDED ENTRY--TOPICAL TERM | |
| Topical term or geographic name as entry element | Telecommunication systems. |
| Source of heading or term | BUEsh |
| 651 ## - SUBJECT ADDED ENTRY--GEOGRAPHIC NAME | |
| Source of heading or term | BUEsh |
| 653 ## - INDEX TERM--UNCONTROLLED | |
| Resource For college | Communication and mass media |
| -- | Informatics and Computer Science |
| Arrived date list | August2015 |
| 655 ## - INDEX TERM--GENRE/FORM | |
| Form subdivision | Reading book |
| 9 (RLIN) | 34232 |
| 856 41 - ELECTRONIC LOCATION AND ACCESS | |
| Materials specified | Table of contents only |
| Uniform Resource Identifier | <a href="http://www.loc.gov/catdir/toc/fy0607/2006276222.html">http://www.loc.gov/catdir/toc/fy0607/2006276222.html</a> |
| 856 41 - ELECTRONIC LOCATION AND ACCESS | |
| Materials specified | Publisher description |
| Uniform Resource Identifier | <a href="http://www.loc.gov/catdir/enhancements/fy0645/2006276222-d.html">http://www.loc.gov/catdir/enhancements/fy0645/2006276222-d.html</a> |
| 942 ## - ADDED ENTRY ELEMENTS (KOHA) | |
| Call number prefix | 621.382H419 |
| Source of classification or shelving scheme | Dewey Decimal Classification |
| Koha item type | Book - Borrowing |
| Withdrawn status | Lost status | Source of classification or shelving scheme | Materials specified (bound volume or other part) | Damaged status | Not for loan | Home library | Current library | Shelving location | Date acquired | Cost, normal purchase price | Total Checkouts | Total Renewals | Full call number | Barcode | Date last seen | Date checked out | Cost, replacement price | Koha item type | Collection code | Source of acquisition | Checked out | Price effective from |
|---|---|---|---|---|---|---|---|---|---|---|---|---|---|---|---|---|---|---|---|---|---|---|
| Lost | Dewey Decimal Classification | Lost In Inventory 15-7-2025 | Central Library | Central Library | First floor | 04/11/2007 | 160.00 | 23 | 127 | 621.382 HAY | 000005771 | 15/11/2018 | 22/10/2018 | 200.00 | Book - Borrowing | |||||||
| Dewey Decimal Classification | Central Library | Central Library | First floor | 04/11/2007 | 11 | 621.382 HAY | 000007243 | 15/07/2025 | 14/02/2013 | NB - Book (Non borrowing) | Baccah | |||||||||||
| Dewey Decimal Classification | Central Library | Central Library | First floor | 18/10/2009 | 6 | 71 | 621.382 HAY | 000018382 | 01/10/2015 | 01/10/2015 | Book - Borrowing | Baccah | 01/11/2015 | 18/10/2009 | ||||||||
| Dewey Decimal Classification | Central Library | Central Library | First floor | 19/10/2009 | 39 | 230 | 621.382 HAY | 000018494 | 15/07/2025 | 17/02/2020 | Book - Borrowing | Baccah | 19/10/2009 | |||||||||
| Dewey Decimal Classification | Central Library | Central Library | First floor | 19/10/2009 | 20 | 150 | 621.382 HAY | 000018493 | 15/07/2025 | 26/02/2020 | Book - Borrowing | Baccah | 19/10/2009 | |||||||||
| Dewey Decimal Classification | Central Library | Central Library | First floor | 13/06/2021 | 621.382 HAY | 000050318 | 15/07/2025 | NB - Book (Non borrowing) | Baccah | Purchase | 13/06/2021 |